| 000 | 00752nam a2200217 a 4500 | ||
|---|---|---|---|
| 003 | BD-JhCC | ||
| 005 | 20230711095956.0 | ||
| 008 | 230711s2018 bg |||| |||| 000 0 ben d | ||
| 020 | _a9847033600972 | ||
| 035 | _a(BD-JhCC) | ||
| 040 |
_aBD-JhCC _dBD-JhCC |
||
| 041 | _aben | ||
| 082 |
_a791.4372 _bMAM 2018 |
||
| 100 | _aমামুন, রাশেদ | ||
| 245 |
_aকিংবদন্তির টাইটানিক / _cরাশেদ মামুন |
||
| 260 |
_aঢাকা : _bকথামেলা প্রকাশন, _c২০১৮ |
||
| 300 |
_a১২৭ পৃ. : _bচিত্রবলী সংযোজিত, _c২১ সেমি. |
||
| 650 | _aTitanic (Steamship) | ||
| 650 | _aNorth Atlantic Ocean | ||
| 942 |
_2ddc _cBK |
||
| 999 |
_c13121 _d13121 |
||